Paroles - Salomé - Indochine - Statistiques

Statistiques générales
  • Ce quiz a été pris 31 fois
  • Le résultat moyen est 203 sur 250
Statistiques - réponses
Réponse % Correct
a
100%
à
100%
A
100%
comme
100%
dans
100%
Dans
100%
de
100%
est
100%
Je
100%
je
100%
la
100%
le
100%
ma
100%
ô
100%
que
100%
qui
100%
Salomé
100%
Salomé,
100%
Sans
100%
sans
100%
te
100%
ton
100%
tout
100%
Tu
100%
un
100%
Ce
88%
du
88%
Elle
88%
j'ai
88%
me
88%
Moi
88%
moi
88%
monde
88%
mourir
88%
ne
88%
88%
88%
oui
88%
peu
88%
pour
88%
Pour
88%
regret
88%
rien
88%
serai
88%
toi
88%
Alors
75%
au
75%
bien
75%
dansé
75%
dernier
75%
dirait
75%
disparu
75%
égaré
75%
Il
75%
Juste
75%
juste
75%
Loin
75%
Mais
75%
marche
75%
on
75%
par
75%
pas
75%
rue
75%
s'est
75%
si
75%
sonne
75%
sors
75%
souviens
75%
suis
75%
ta
75%
une
75%
vide
75%
vie
75%
baiser
63%
Bébé
63%
c'était
63%
coma
63%
devrais
63%
froid ?
63%
froid
63%
glas
63%
grâce
63%
ici
63%
j'étais
63%
oiseau
63%
personne
63%
pleurer
63%
plus
63%
Pourquoi
63%
pourquoi
63%
princesse
63%
reste
63%
retourner
63%
sacrifiée
63%
sommeil
63%
suivre
63%
touché
63%
vois
63%
âme
50%
belle
50%
besoin
50%
cache
50%
changé
50%
cherche
50%
demande
50%
dormir
50%
Douce
50%
échoué
50%
était
50%
falloir
50%
joie
50%
maintenant
50%
mal
50%
Même
50%
mieux
50%
n'a
50%
n'avais
50%
nos
50%
pris
50%
resterai
50%
va
50%
voilà
50%
voulais
50%
agité
38%
d'une
38%
fleurir
38%
réveil
38%
foi
25%
rois
25%
revivre
13%
Aucun quiz correspondant
Distribution des résultats
% des personnes avec chaque résultat
Percentile par nombre de réponses
Votre historique - résultats
Vous n’avez pas pris ce quiz